00693nam a22002057a 450000500170000001000150001702000260003203500140005803700090007208200110008110000210009224501180011326000570023127000760028830000290036470000290039370000190042270000240044170000220046520220201152515.0 aENG-131352 a9789390727926c895.00 aEN-114884 bDBAD a658.15 aRoss, Stephen A. aCorporate Finance/cStephen A. Ross, Randolph W. Westerfield, Jeffrey Jaffe, Bradford D. Jordan, Ram Kumar Kakani aChennaibMcGraw Hill Education Private Limitedc2021 bChennaiaAnjana Complex No. 5/90 A, Butt Road, St. Thomas Mounte600016 a1066p.bIndexc24cm(pbk) aWesterfield, Randolph W. aJaffe, Jeffrey aJordan, Bradford D. aKakani, Ram Kumar